Country Neighbour Connect: Last Capital Alphabetically, starting with World's Last Capital in Alphabetical Order - Statistics

General Stats
  • This quiz has been taken 94 times
  • The average score is 97 of 154
Answer Stats
COUNTRY % Correct
Croatia
100%
Albania
88%
Bosnia and Herzegovina
88%
Bulgaria
88%
Macedonia
88%
Montenegro
88%
Romania
86%
Ukraine
84%
Cambodia
81%
China
81%
Estonia
81%
Laos
81%
Latvia
81%
Lithuania
81%
Mongolia
81%
Poland
81%
Russia
81%
Vietnam
81%
Algeria
79%
Armenia
79%
Azerbaijan
79%
Bhutan
79%
Burma
79%
Egypt
79%
Georgia
79%
India
79%
Iran
79%
Israel
79%
Libya
79%
Mauritania
79%
Morocco
79%
Nepal
79%
Pakistan
79%
Syria
79%
Thailand
79%
Tunisia
79%
Turkey
79%
Angola
77%
Benin
77%
Burkina Faso
77%
Cameroon
77%
Chad
77%
Côte d'Ivoire
77%
Djibouti
77%
Equatorial Guinea
77%
Eritrea
77%
Gabon
77%
Guinea
77%
Kenya
77%
Malawi
77%
Mozambique
77%
Namibia
77%
Niger
77%
Republic of the Congo
77%
Senegal
77%
Somalia
77%
South Africa
77%
South Sudan
77%
Sudan
77%
Swaziland
77%
Tanzania
77%
Zambia
77%
Rwanda
74%
Burundi
72%
Central African Republic
72%
Democratic Republic of the Congo
72%
Uganda
72%
Botswana
70%
Ethiopia
70%
Austria
67%
France
67%
Italy
67%
Lesotho
67%
Spain
67%
Zimbabwe
67%
Ghana
65%
Liberia
65%
Nigeria
65%
Sierra Leone
65%
Togo
65%
Czech Republic
63%
Gambia
63%
Germany
63%
Guinea-Bissau
63%
Hungary
63%
Liechtenstein
63%
Mali
63%
Slovakia
63%
Switzerland
63%
Slovenia
60%
Denmark
58%
Serbia
58%
Belgium
56%
Kosovo
56%
Luxembourg
56%
Netherlands
56%
Ireland
51%
United Kingdom
51%
Argentina
49%
Belize
49%
Bolivia
49%
Brazil
49%
Canada
49%
Chile
49%
Colombia
49%
Costa Rica
49%
Ecuador
49%
El Salvador
49%
Guatemala
49%
Guyana
49%
Honduras
49%
Mexico
49%
Nicaragua
49%
Panama
49%
Paraguay
49%
Peru
49%
San Marino
49%
Suriname
49%
United States
49%
Uruguay
49%
Vatican City
49%
Venezuela
49%
Andorra
47%
Monaco
47%
Iraq
44%
Jordan
44%
Kuwait
44%
Lebanon
44%
Oman
44%
Portugal
44%
Saudi Arabia
44%
United Arab Emirates
44%
Uzbekistan
44%
Yemen
44%
Finland
42%
Kazakhstan
42%
Kyrgyzstan
42%
Qatar
42%
Tajikistan
42%
Brunei
40%
East Timor
40%
North Korea
40%
Norway
40%
South Korea
40%
Sweden
40%
Turkmenistan
40%
Afghanistan
37%
Indonesia
37%
Malaysia
37%
Papua New Guinea
37%
Bangladesh
35%
Greece
35%
Moldova
33%
Belarus
26%
No matching quizzes found
Score Distribution
Percent of People with Each Score
Percentile by Number Answered
Your Score History
You have not taken this quiz